[Event "chess.com SpeedChess Q1Sw"]
[Site "chess.com INT"]
[Date "2022.11.10"]
[Round "1"]
[White "Bluebaum, Matthias"]
[Black "Vantika, Agrawal"]
[Result "1-0"]
[WhiteTitle "GM"]
[BlackTitle "WGM"]
[WhiteElo "2651"]
[BlackElo "2362"]
[WhiteFideId "24651516"]
[BlackFideId "25050389"]
[EventDate "2022.11.10"]

1. d4 Nf6 2. c4 g6 3. Nc3 Bg7 4. e4 d6 5. Nf3 O-O 6. Be2 e5 7. Be3 Ng4 8. Bg5 f6
9. Bh4 Nc6 10. d5 Ne7 11. Nd2 Nh6 12. f3 g5 13. Bf2 f5 14. c5 g4 15. Nc4 fxe4
16. fxe4 Ng6 17. g3 Nf7 18. cxd6 cxd6 19. Bxg4 Ng5 20. O-O Nh3+ 21. Kg2 Qg5 22.
Bxc8 Raxc8 23. Nxd6 Nxf2 24. Rxf2 Nh4+ 25. Kf1 Rxf2+ 26. Kxf2 Rf8+ 27. Nf5 Nxf5
28. exf5 Qxf5+ 29. Kg2 e4 30. Qe2 Bxc3 31. bxc3 Qxd5 32. Rd1 Qc6 33. Qe3 Kh8 34.
Rd2 Rc8 35. Rd4 Qxc3 36. Rd8+ Kg7 37. Qg5+ Kf7 38. Rd7+ Ke6 39. Qe7+ Kf5 40.
Rd5+ Kg6 41. Qxe4+ Kg7 42. Rd7+ Kf8 43. Qf5+ 1-0

[Event "chess.com SpeedChess Q1Sw"]
[Site "chess.com INT"]
[Date "2022.11.10"]
[Round "1"]
[White "Yuan, Qingyu"]
[Black "Bortnyk, Olexandr"]
[Result "0-1"]
[BlackTitle "GM"]
[WhiteElo "2373"]
[BlackElo "2604"]
[WhiteFideId "8609772"]
[BlackFideId "14120828"]
[EventDate "2022.11.10"]

1. e4 d6 2. d4 Nf6 3. Nc3 e5 4. dxe5 dxe5 5. Qxd8+ Kxd8 6. Bc4 Be6 7. Bxe6 fxe6
8. f3 Nc6 9. Be3 Bb4 10. O-O-O+ Ke7 11. Nce2 h6 12. Nh3 Ba5 13. Nf2 Bb6 14. Bxb6
axb6 15. a3 b5 16. Nd3 Nd7 17. Nc3 Ra5 18. Na2 b6 19. Nab4 Nxb4 20. Nxb4 Nb8 21.
Rd2 c5 22. Nd3 Nc6 23. c3 b4 24. cxb4 cxb4 25. Rc2 bxa3 26. bxa3 Rxa3 27. Kb2
Rxd3 28. Rxc6 Rd2+ 29. Kc3 Rhd8 30. Rxb6 Rxg2 31. Ra1 Rc8+ 32. Kd3 Rgc2 33. Ra3
Kf6 34. h4 h5 35. Ke3 Rh2 36. Kd3 Rd8+ 37. Kc4 Rc2+ 38. Kb3 Rd3+ 39. Kxc2 Rxa3
40. Kd2 Rxf3 41. Ke2 Rf4 42. Ke3 Rxh4 43. Rb1 Rh3+ 44. Kf2 g5 45. Kg2 g4 46.
Rf1+ Rf3 47. Rxf3+ gxf3+ 48. Kxf3 Kg5 49. Kg3 h4+ 50. Kf3 Kh5 51. Ke3 Kg4 52.
Kf2 Kf4 53. Kg2 Kxe4 54. Kh3 Kf3 55. Kxh4 e4 56. Kh3 e3 57. Kh2 e2 58. Kh1 e1=Q+
59. Kh2 Qg3+ 60. Kh1 Qg2# 0-1

[Event "chess.com SpeedChess Q1Sw"]
[Site "chess.com INT"]
[Date "2022.11.10"]
[Round "1"]
[White "Ibarra Jerez, Jose Carlos"]
[Black "Rostomyan, Mikayel"]
[Result "1-0"]
[WhiteTitle "GM"]
[BlackTitle "CM"]
[WhiteElo "2557"]
[BlackElo "2219"]
[WhiteFideId "2226332"]
[BlackFideId "13313754"]
[EventDate "2022.11.10"]

1. e4 c5 2. Nc3 Nc6 3. Nge2 g6 4. d4 cxd4 5. Nxd4 Bg7 6. Be3 Nf6 7. Bc4 O-O 8.
Bb3 d5 9. exd5 Na5 10. Qf3 Bg4 11. Qg3 Nxb3 12. axb3 Bh5 13. d6 Ng4 14. O-O Be5
15. f4 Bxd6 16. Ndb5 Bb8 17. h3 Nxe3 18. Qxe3 a6 19. g4 Bxg4 20. hxg4 axb5 21.
Rxa8 Bxf4 22. Rxf4 Qxa8 23. Nd5 Qa1+ 24. Rf1 Qxb2 25. Nxe7+ Kg7 26. c3 Qxb3 27.
Qd4+ f6 28. g5 Qe6 29. gxf6+ Kf7 30. Qh4 Qe3+ 31. Kg2 h5 32. Qd4 Qxd4 33. cxd4
Rd8 34. d5 b4 35. Kg3 Rd6 36. Nxg6 Rxf6 37. Ne5+ Ke7 38. Rd1 b3 39. Nc4 b5 40.
d6+ Kd8 41. Ne5 b2 42. d7 h4+ 43. Kxh4 b1=Q 44. Rxb1 Re6 45. Rxb5 Kc7 46. Rd5
Kd8 47. Nf7+ 1-0

[Event "chess.com SpeedChess Q1Sw"]
[Site "chess.com INT"]
[Date "2022.11.10"]
[Round "1"]
[White "Dixit, Nikhil"]
[Black "Bartel, Mateusz"]
[Result "1/2-1/2"]
[WhiteTitle "FM"]
[BlackTitle "GM"]
[WhiteElo "2306"]
[BlackElo "2627"]
[WhiteFideId "5059534"]
[BlackFideId "1112635"]
[EventDate "2022.11.10"]

1. e4 c6 2. Nf3 d5 3. Nc3 Bg4 4. h3 Bxf3 5. Qxf3 e6 6. g3 Nd7 7. Bg2 g6 8. O-O
Bg7 9. Re1 Ne7 10. Nd1 O-O 11. d3 a5 12. a4 h6 13. Ne3 Kh7 14. h4 Qb6 15. Rb1
Nc5 16. Ng4 Ng8 17. e5 Nxa4 18. h5 Qd8 19. d4 b5 20. Bf1 g5 21. Bd3+ Kh8 22. Rf1
Nb6 23. c3 Nd7 24. Bc2 f5 25. exf6 Ngxf6 26. Qd3 Qe8 27. Ne5 Nxe5 28. dxe5 Ne4
29. g4 Bxe5 30. f3 Nf6 31. Be3 Qf7 32. Kg2 Qg7 33. Rbe1 Bd6 34. Bd4 e5 35. Bxe5
Bxe5 36. Rxe5 Rae8 37. Rfe1 Rxe5 38. Rxe5 Re8 39. Rxe8+ Nxe8 40. Qf5 Qe7 41. Qg6
Qe2+ 42. Kg3 Qe1+ 43. Kg2 Qe2+ 44. Kg3 Qe1+ 45. Kg2 Qe2+ 1/2-1/2

[Event "chess.com SpeedChess Q1Sw"]
[Site "chess.com INT"]
[Date "2022.11.10"]
[Round "1"]
[White "Dushyant, Sharma"]
[Black "Sjugirov, Sanan"]
[Result "1/2-1/2"]
[WhiteTitle "IM"]
[BlackTitle "GM"]
[WhiteElo "2370"]
[BlackElo "2712"]
[WhiteFideId "25065130"]
[BlackFideId "4189302"]
[EventDate "2022.11.10"]

1. e4 c6 2. Nf3 d5 3. exd5 cxd5 4. d4 Nc6 5. Bd3 Bg4 6. c3 e6 7. O-O Bd6 8. Be3
Nf6 9. Nbd2 O-O 10. Qc2 Rc8 11. a3 a6 12. Rae1 b5 13. Qb1 h6 14. h3 Bxf3 15.
Nxf3 Re8 16. Qc1 Bf8 17. Ne5 Nxe5 18. dxe5 Nd7 19. f4 g6 20. Qc2 Qe7 21. Qf2 Nc5
22. Bc2 a5 23. Bd4 b4 24. axb4 axb4 25. g4 bxc3 26. bxc3 Ne4 27. Bxe4 dxe4 28.
Rxe4 Qb7 29. Re3 Bc5 30. f5 Bxd4 31. cxd4 exf5 32. gxf5 g5 33. h4 f6 34. hxg5
hxg5 35. Rh3 Qe4 36. Qh2 Qg4+ 37. Rg3 Qxd4+ 38. Kh1 Qe4+ 39. Rg2 Rxe5 40. Qh6
Rc7 41. Qxf6 Rh7+ 42. Kg1 Qd4+ 43. Rgf2 Qg4+ 44. Rg2 Qd4+ 45. Rgf2 Re4 46. Qxd4
Rxd4 47. Rg2 g4 48. f6 Kf7 49. Ra2 Rd7 50. Ra6 Rh6 51. Kg2 Rg6 52. Kg3 Rd3+ 53.
Kg2 Rd2+ 54. Kg3 Rd3+ 55. Kg2 Rd2+ 56. Kg3 Rd3+ 1/2-1/2

[Event "chess.com SpeedChess Q1Sw"]
[Site "chess.com INT"]
[Date "2022.11.10"]
[Round "1"]
[White "Hammer, Jon Ludvig"]
[Black "Manukyan, Sargis A."]
[Result "0-1"]
[WhiteTitle "GM"]
[BlackTitle "FM"]
[WhiteElo "2625"]
[BlackElo "2163"]
[WhiteFideId "1503707"]
[BlackFideId "13303970"]
[EventDate "2022.11.10"]

1. e4 c5 2. Nf3 d6 3. d4 cxd4 4. Nxd4 Nf6 5. Nc3 g6 6. Be3 Bg7 7. f3 O-O 8. Qd2
Nc6 9. O-O-O d5 10. exd5 Nxd5 11. Nxc6 bxc6 12. Bd4 e5 13. Bc5 Be6 14. Ne4 Re8
15. Bc4 Qc7 16. Bb3 h6 17. Qf2 Red8 18. h4 f5 19. Nd2 a5 20. a4 Qf7 21. Rhe1 Nb4
22. Bxb4 axb4 23. Qc5 e4 24. fxe4 fxe4 25. Rxe4 Bxb3 26. cxb3 Qf6 27. Qc2 c5 28.
Nf3 Rxd1+ 29. Kxd1 Rd8+ 30. Ke2 g5 31. hxg5 hxg5 32. Qc4+ Kh8 33. Re5 g4 34.
Qxg4 Qd6 35. Rh5+ Kg8 36. Qc4+ Kf8 37. Kf2 Bd4+ 38. Nxd4 Qxd4+ 39. Qxd4 Rxd4 40.
Rxc5 Rd2+ 41. Kg3 Rxb2 42. Rf5+ Ke7 43. Rf3 Ke6 44. Kh3 Rc2 45. g4 Rc3 46. Kg3
Ke5 47. g5 Ke4 48. Rxc3 bxc3 0-1

[Event "chess.com SpeedChess Q1Sw"]
[Site "chess.com INT"]
[Date "2022.11.10"]
[Round "1"]
[White "Chigaev, Maksim"]
[Black "Paszewski, Mateusz"]
[Result "1-0"]
[WhiteTitle "GM"]
[BlackTitle "FM"]
[WhiteElo "2632"]
[BlackElo "2282"]
[WhiteFideId "4108116"]
[BlackFideId "1141058"]
[EventDate "2022.11.10"]

1. Nf3 d5 2. c4 c6 3. g3 Bg4 4. Bg2 e6 5. Qb3 Qb6 6. d3 Nd7 7. Be3 Bc5 8. Bxc5
Nxc5 9. Qc2 Nf6 10. O-O O-O 11. Rc1 Rfc8 12. Nc3 dxc4 13. d4 Ncd7 14. e3 c5 15.
Na4 Qa6 16. Ne5 cxd4 17. Nxg4 Nxg4 18. exd4 Ngf6 19. b3 cxb3 20. Qxc8+ Rxc8 21.
Rxc8+ Nf8 22. Nc3 b5 23. Rb8 b2 24. Rb1 Qa3 25. Nxb5 Qxa2 26. Nc3 Qc4 27. Nd1
Qc2 28. R8xb2 Qd3 29. Ne3 Qxd4 30. Rb8 g6 31. Rd1 Qa4 32. Rdd8 Nd7 33. h4 Kg7
34. Rb7 h5 35. Ra8 a5 36. Raa7 Qa1+ 37. Bf1 Nc5 38. Rxf7+ Kg8 39. Rfc7 Ne4 40.
Kg2 Qa2 41. Rc2 Qa3 42. Bc4 a4 43. Bb5 Qb4 44. Rxa4 Qxb5 45. Rxe4 Qf5 46. Nxf5
gxf5 47. Ra4 1-0

[Event "chess.com SpeedChess Q1Sw"]
[Site "chess.com INT"]
[Date "2022.11.10"]
[Round "1"]
[White "Runets, Ivan"]
[Black "Shimanov, Aleksandr"]
[Result "1-0"]
[WhiteTitle "FM"]
[BlackTitle "GM"]
[WhiteElo "2176"]
[BlackElo "2581"]
[WhiteFideId "13511564"]
[BlackFideId "4198603"]
[EventDate "2022.11.10"]

1. d4 Nf6 2. c4 g6 3. Nf3 Bg7 4. e3 O-O 5. Be2 d6 6. O-O c5 7. b3 e6 8. Bb2 b6
9. Nc3 Bb7 10. Rc1 Qe7 11. Qc2 a6 12. Rfd1 Nbd7 13. h3 Rac8 14. Qb1 Rfe8 15. Rd2
cxd4 16. Nxd4 Nc5 17. Bf3 Red8 18. Rcd1 d5 19. cxd5 exd5 20. Rc1 Nfe4 21. Nxe4
dxe4 22. Be2 Qg5 23. Rdc2 Ra8 24. Rd1 Nd3 25. Ba1 Rac8 26. Rxc8 Rxc8 27. Bf1 Be5
28. Ne2 Qf6 29. Bxe5 Qxf2+ 30. Kh1 Nxe5 31. Qb2 Nf3 32. Qf6 Rf8 33. gxf3 exf3
34. Nf4 Qg3 35. Nd5 h5 36. Ne7+ Kh7 37. Nd5 Kg8 38. e4 f2 39. Bg2 Kh7 40. Qd4 g5
41. Nf6+ Kg6 42. Qd6 Qxd6 43. Rxd6 Kg7 44. Nd5 f5 45. e5 1-0

[Event "chess.com SpeedChess Q1Sw"]
[Site "chess.com INT"]
[Date "2022.11.10"]
[Round "1"]
[White "Tarnowska, Aleksandra"]
[Black "Pakleza, Zbigniew"]
[Result "0-1"]
[WhiteTitle "WCM"]
[BlackTitle "GM"]
[WhiteElo "1835"]
[BlackElo "2496"]
[WhiteFideId "1180967"]
[BlackFideId "1119290"]
[EventDate "2022.11.10"]

1. e4 d6 2. d4 Nf6 3. Nc3 c6 4. Be3 Qb6 5. Rb1 Ng4 6. Qd2 e5 7. Na4 Qc7 8. dxe5
Nxe3 9. Qxe3 dxe5 10. Nf3 Be7 11. Be2 Be6 12. Nc3 f6 13. O-O O-O 14. Nh4 g6 15.
Qh6 Rf7 16. Rfd1 Bf8 17. Qe3 Nd7 18. a3 b5 19. b4 Nb6 20. Rd2 Rd7 21. Rbd1 Rxd2
22. Qxd2 Be7 23. Nf3 Kg7 24. h3 Rd8 25. Qc1 Rxd1+ 26. Qxd1 Nc4 27. Nb1 a5 28. c3
c5 29. bxc5 Bxc5 30. Bxc4 Bxc4 31. Nfd2 Bf7 32. Nb3 Bb6 33. Qc2 Qc4 34. Nc1 Bc5
35. Qd3 Qxd3 36. Nxd3 Bd6 37. Kf1 Ba2 38. Nd2 Bxa3 39. Ke2 Bd6 40. Nc1 Be6 41.
Ndb3 a4 42. Nd2 b4 43. cxb4 Bxb4 44. Kd1 Kf7 45. Kc2 Bc5 46. Nd3 Bd4 47. Nb4
Bxf2 0-1

[Event "chess.com SpeedChess Q1Sw"]
[Site "chess.com INT"]
[Date "2022.11.10"]
[Round "1"]
[White "Petrosyan, Manuel"]
[Black "Bordi, Kevin"]
[Result "1-0"]
[WhiteTitle "GM"]
[WhiteElo "2621"]
[BlackElo "2288"]
[WhiteFideId "13300857"]
[BlackFideId "621862"]
[EventDate "2022.11.10"]

1. d4 d5 2. Bf4 c5 3. e3 Nc6 4. Nf3 Qb6 5. Nc3 Nf6 6. Nb5 e5 7. Nxe5 cxd4 8.
exd4 Bf5 9. Nxc6 bxc6 10. Nc7+ Kd7 11. Nxa8 Qxb2 12. Bd3 Bb4+ 13. Kf1 Bxd3+ 14.
cxd3 Rxa8 15. Rb1 Qc3 16. Rb3 Qxd4 17. Be3 Qh4 18. Qb1 Bd6 19. Rb7+ Ke8 20. Rxa7
Rxa7 21. Bxa7 Ng4 22. h3 Ne5 23. Be3 f5 24. g3 Qh5 25. Bf4 Qf3 26. Rh2 Kf7 27.
Bxe5 Bxe5 28. Rg2 g5 29. Kg1 Kg6 30. Qe1 Kf6 31. Qd2 h5 32. h4 g4 33. Qh6+ Ke7
34. Qxh5 Bd4 35. Qg5+ Kd6 36. Qf4+ Qxf4 37. gxf4 c5 38. h5 c4 39. dxc4 dxc4 40.
Rg3 Kd5 41. h6 c3 42. Rd3 Kc4 43. Rxd4+ Kxd4 44. h7 c2 45. h8=Q+ Kd3 46. Qc8 Kd2
47. Qd7+ Ke2 48. Qc6 Kd1 49. Qd5+ Ke2 50. Qc4+ Kd1 51. Qd3+ Kc1 52. Qxf5 Kb1 53.
Qxc2+ Kxc2 54. Kg2 Kd3 55. Kg3 Ke4 56. Kxg4 1-0

[Event "chess.com SpeedChess Q1Sw"]
[Site "chess.com INT"]
[Date "2022.11.10"]
[Round "1"]
[White "Martinez Alcantara, Jose Eduardo"]
[Black "Kravtsiv, Martyn"]
[Result "1-0"]
[WhiteTitle "GM"]
[BlackTitle "GM"]
[WhiteElo "2597"]
[BlackElo "2598"]
[WhiteFideId "3805662"]
[BlackFideId "14113147"]
[EventDate "2022.11.10"]

1. e4 e5 2. Nf3 Nc6 3. Bb5 a6 4. Ba4 Nf6 5. O-O Be7 6. Re1 b5 7. Bb3 O-O 8. d3
d6 9. a3 Na5 10. Ba2 c5 11. Bg5 Be6 12. Bxf6 Bxf6 13. Nc3 g6 14. b4 Nc6 15. Nd5
Bg7 16. c3 Kh8 17. Qe2 f5 18. a4 fxe4 19. Qxe4 Bf5 20. Qe3 bxa4 21. bxc5 dxc5
22. Bc4 Na5 23. Rxa4 Nxc4 24. dxc4 e4 25. Ng5 h6 26. Nxe4 Qh4 27. Nd6 Bd7 28.
Raa1 Kh7 29. g3 Qh3 30. Nf4 Rxf4 31. Qxf4 Bc6 32. Ne4 Rf8 33. Qd6 Bxe4 34. Rxe4
Qf5 35. Rf4 Qc8 36. Rxf8 Bxf8 37. Qxa6 Qg4 38. Qa7+ Bg7 39. Qf7 Qe4 40. Rd1 h5
41. Rd7 Qe1+ 42. Kg2 Qe4+ 43. Qf3 Qe6 44. Qb7 Qe5 45. Qd5 Qe2 46. h4 Kh6 47.
Qg5+ Kh7 48. Qd5 1-0

[Event "chess.com SpeedChess Q1Sw"]
[Site "chess.com INT"]
[Date "2022.11.10"]
[Round "1"]
[White "Aitbayev, Aslan"]
[Black "Sadhwani, Raunak"]
[Result "1/2-1/2"]
[WhiteTitle "IM"]
[BlackTitle "GM"]
[WhiteElo "2421"]
[BlackElo "2628"]
[WhiteFideId "13704613"]
[BlackFideId "35093487"]
[EventDate "2022.11.10"]

1. e4 d6 2. d4 g6 3. Nc3 Bg7 4. Nf3 Nf6 5. Be3 c6 6. Qd2 b5 7. Bd3 Bb7 8. Bh6
O-O 9. h4 Nbd7 10. h5 e5 11. hxg6 fxg6 12. Bxg7 Kxg7 13. Qh6+ Kg8 14. O-O-O Qe7
15. Rh4 Qg7 16. Qe3 a6 17. Rdh1 Rae8 18. dxe5 Nxe5 19. Ng5 Nfg4 20. Qb6 h5 21.
f3 Qh6 22. fxg4 Qxg5+ 23. Kb1 Re7 24. gxh5 Rh7 25. a3 Bc8 26. Be2 Be6 27. Qd4
Qe7 28. R4h2 g5 29. h6 Rhf7 30. h7+ Kh8 31. Rh6 Rf6 32. Rxf6 Rxf6 33. Rd1 Kxh7
34. Rh1+ Kg7 35. Qd2 Rh6 36. Rf1 Rh2 37. Bd1 Bc4 38. Rf2 Be6 39. b3 a5 40. Ne2
Rh1 41. Ng3 Rh4 42. Nf5+ Bxf5 43. Rxf5 Nf7 44. Qd4+ Ne5 45. Qe3 Nf7 46. Qd4+ Kg8
47. Bf3 Rf4 48. Rxf4 gxf4 49. Qb6 Ne5 50. Qxa5 Qf6 51. Qc7 Kf8 52. Qc8+ Ke7 53.
Qc7+ Kf8 54. Bh5 Kg8 55. Bf3 Kf8 1/2-1/2

[Event "chess.com SpeedChess Q1Sw"]
[Site "chess.com INT"]
[Date "2022.11.10"]
[Round "1"]
[White "Le, Tuan Minh"]
[Black "Klukin, Kirill"]
[Result "1-0"]
[WhiteTitle "IM"]
[BlackTitle "IM"]
[WhiteElo "2542"]
[BlackElo "2390"]
[WhiteFideId "12401153"]
[BlackFideId "24199273"]
[EventDate "2022.11.10"]

1. d4 Nf6 2. Nf3 e6 3. Bf4 d5 4. e3 Bd6 5. Bg3 O-O 6. c4 b6 7. Nc3 Bb7 8. Rc1 a6
9. cxd5 Nxd5 10. Bd3 h6 11. a3 Nd7 12. Bb1 f5 13. Ba2 N7f6 14. O-O Qe7 15. Ne5
Rfc8 16. Nxd5 Nxd5 17. Nc6 Qd7 18. Qc2 Ne7 19. Nxe7+ Qxe7 20. Qxf5 Re8 21. Rc3
Kh8 22. Qh5 Rac8 23. Rfc1 Rf8 24. Bb1 Rf6 25. Bh4 Qf7 26. Qxf7 Rxf7 27. Bg3 Bxg3
28. hxg3 Kg8 29. Ba2 Re7 30. f3 Kf8 31. Kf2 Ke8 32. e4 Kd8 33. Ke3 Kd7 34. g4 c6
35. a4 a5 36. Bc4 Kc7 37. Bb5 Kd6 38. Bd3 Kc7 39. Rb1 Rd7 40. b4 axb4 41. Rxb4
Ra8 42. Rcb3 Ba6 43. Rxb6 Bxd3 44. Rb7+ Kd6 45. Kxd3 Rc7 46. Rxc7 Kxc7 47. Ra3
Kb6 48. Kc4 Ra5 49. Kb4 h5 50. gxh5 Rxh5 51. Rc3 Rh2 52. a5+ Kb7 53. Rc2 Rh1 54.
Kc5 Ra1 55. Kd6 Rxa5 56. Kxe6 Rg5 57. d5 cxd5 58. exd5 Rg6+ 59. Ke7 1-0

[Event "chess.com SpeedChess Q1Sw"]
[Site "chess.com INT"]
[Date "2022.11.10"]
[Round "1"]
[White "Lopez Martinez, Josep Manuel"]
[Black "Vokhidov, Shamsiddin"]
[Result "0-1"]
[WhiteTitle "GM"]
[BlackTitle "GM"]
[WhiteElo "2493"]
[BlackElo "2568"]
[WhiteFideId "2212943"]
[BlackFideId "14204223"]
[EventDate "2022.11.10"]

1. e4 c5 2. Nf3 d6 3. d4 cxd4 4. Nxd4 Nf6 5. Nc3 Nc6 6. Bg5 a6 7. Qd3 Nxd4 8.
Qxd4 Qa5 9. Bd2 e5 10. Qd3 Qb6 11. O-O-O Be6 12. f3 Rc8 13. Be3 Qa5 14. a3 Be7
15. Qd2 b5 16. Kb1 b4 17. Na2 Bxa2+ 18. Kxa2 O-O 19. Qxb4 Qxb4 20. axb4 Rxc2 21.
Bxa6 Rxg2 22. b5 g6 23. Kb3 Rb8 24. Rc1 Nd7 25. Rc7 Rd8 26. b6 Nxb6 27. Bxb6 Bg5
28. Bc4 Rb8 29. Rc6 Be3 30. Bf1 Rf2 31. Kc4 Bxb6 32. Bd3 Rxf3 33. b4 Bd4 34. b5
Rf2 35. Rb1 Rxh2 36. b6 Rxb6 37. Rbxb6 Bxb6 38. Rxb6 h5 39. Rxd6 h4 40. Rxg6+
fxg6 41. Kd5 h3 42. Kxe5 Rf2 43. Bc4+ Kg7 44. Kd4 h2 45. Ke3 Rf8 46. Bd5 h1=Q
47. e5 Qe1+ 48. Kd4 Rd8 49. e6 Qd2+ 50. Ke4 Qxd5+ 51. Kf4 Qxe6 52. Kg3 Qe3+ 53.
Kh2 Rd2+ 54. Kh1 Qe1# 0-1

[Event "chess.com SpeedChess Q1Sw"]
[Site "chess.com INT"]
[Date "2022.11.10"]
[Round "1"]
[White "Dubov, Daniil"]
[Black "Rustemov, Alexander"]
[Result "1-0"]
[WhiteTitle "GM"]
[BlackTitle "GM"]
[WhiteElo "2708"]
[BlackElo "2525"]
[WhiteFideId "24126055"]
[BlackFideId "4119002"]
[EventDate "2022.11.10"]

1. d4 d5 2. c4 dxc4 3. Nf3 Nf6 4. e3 e6 5. Bxc4 c5 6. O-O a6 7. Qe2 b5 8. Bd3
cxd4 9. a4 bxa4 10. Rxa4 dxe3 11. Bxe3 Be7 12. Rd1 Qc7 13. Rc4 Qb7 14. Bg5 Nbd7
15. Nc3 O-O 16. Rh4 Rb8 17. Bf4 Qxb2 18. Bxb8 Qxe2 19. Bxe2 Nxb8 20. Ra4 Bd7 21.
Rad4 Rc8 22. Rc4 Rxc4 23. Bxc4 Bb4 24. Na2 a5 25. Nxb4 axb4 26. Ne5 Kf8 27. Rd6
Be8 28. Rb6 Nbd7 29. Nxd7+ Bxd7 30. Rxb4 g5 31. Rb7 Bc6 32. Rc7 Be4 33. f3 Bg6
34. Kf2 h6 35. Ke3 Ne8 36. Rd7 Nf6 37. Ra7 h5 38. Kd4 h4 39. Ra5 Nh7 40. Ra7 Nf6
41. Ra5 Nh7 42. Bd3 Bxd3 43. Kxd3 Kg7 44. Ke4 Kg6 45. Ke5 Nf6 46. Ra8 Nd5 47.
Rg8+ Kh6 48. Kd6 Nf4 49. Ke7 f5 50. Kf6 Kh7 51. Rxg5 h3 52. g3 1-0

[Event "chess.com SpeedChess Q1Sw"]
[Site "chess.com INT"]
[Date "2022.11.10"]
[Round "1"]
[White "Ambartsumova, Karina"]
[Black "Bok, Benjamin"]
[Result "0-1"]
[WhiteTitle "IM"]
[BlackTitle "GM"]
[WhiteElo "2399"]
[BlackElo "2618"]
[WhiteFideId "4166299"]
[BlackFideId "1017063"]
[EventDate "2022.11.10"]

1. Nf3 d5 2. d4 Nf6 3. c4 e6 4. Nc3 c6 5. e3 Nbd7 6. a4 Bd6 7. Bd3 O-O 8. O-O
dxc4 9. Bxc4 e5 10. dxe5 Nxe5 11. Nxe5 Bxe5 12. f4 Bxc3 13. bxc3 Bg4 14. Qc2 Qe7
15. Ba3 Qxe3+ 16. Kh1 Rfe8 17. Qb3 Be6 18. Bxe6 Qxe6 19. Qxb7 Nd5 20. f5 Qf6 21.
Rae1 h6 22. c4 Nb6 23. Be7 Qc3 24. Qxc6 Rac8 25. Qb5 Qxc4 26. Qxc4 Rxc4 27. a5
Nd5 28. Bd6 Rxe1 29. Rxe1 Ra4 30. h3 Rxa5 31. Re5 a6 32. Kh2 Rb5 33. Re8+ Kh7
34. Ra8 Rb6 35. Bc5 Rc6 36. Bd4 f6 37. Ra7 h5 38. h4 Rc4 39. Bf2 Nb4 40. Be1 Nc2
41. Bg3 Ne3 42. Rxa6 Nf1+ 43. Kh3 Rc3 44. Ra3 Rc5 45. Rf3 Nd2 46. Rf2 Ne4 47.
Rf4 Nd6 48. Bf2 Rd5 49. g4 hxg4+ 50. Kxg4 Ne8 51. h5 Nd6 52. Rf3 Nf7 53. Be3
Ne5+ 54. Kf4 Nxf3 55. Kxf3 Rxf5+ 56. Ke4 Rxh5 0-1

[Event "chess.com SpeedChess Q1Sw"]
[Site "chess.com INT"]
[Date "2022.11.10"]
[Round "1"]
[White "Matinian, Nikita"]
[Black "Xiong, Jeffery"]
[Result "1/2-1/2"]
[WhiteTitle "GM"]
[BlackTitle "GM"]
[WhiteElo "2425"]
[BlackElo "2692"]
[WhiteFideId "24129100"]
[BlackFideId "2047640"]
[EventDate "2022.11.10"]

1. e4 e6 2. d4 d5 3. Nc3 Bb4 4. Ne2 Nc6 5. e5 f6 6. Nf4 fxe5 7. Qh5+ Kf8 8. dxe5
Nh6 9. Bd3 Nf7 10. Bd2 Ncxe5 11. O-O-O Qf6 12. Rde1 Bxc3 13. bxc3 Bd7 14. Re2
Re8 15. Rhe1 Nxd3+ 16. cxd3 g5 17. Nh3 Rg8 18. f4 g4 19. Ng5 Qg6 20. Nxh7+ Kg7
21. Qxg6+ Kxg6 22. Ng5 Nxg5 23. fxg5 Rgf8 24. g3 Rf3 25. Kc2 Ba4+ 26. Kc1 Bd7
27. Kc2 c5 28. Bf4 Rh8 29. Rxe6+ Bxe6 30. Rxe6+ Kf7 31. Rd6 Rxh2+ 32. Kb3 Ke7
33. Rxd5 b6 34. g6 Kf6 35. Rg5 Rh8 36. Rxg4 Rg8 37. g7 Rxd3 38. Kc4 Rd7 39. Bh6
Kf5 40. Rf4+ Kg6 41. Rf8 Rd8 42. Rxd8 Rxd8 43. Bf4 Kxg7 44. Kb5 Rd3 45. Ka6 Kf6
46. Kxa7 Rxc3 47. Kxb6 Ke6 48. a4 Kd5 49. a5 Rb3+ 50. Kc7 Ra3 51. Kb6 Rb3+ 52.
Kc7 Ra3 53. Kb6 c4 54. a6 Rb3+ 55. Kc7 Ra3 56. Kb7 Rb3+ 57. Kc7 c3 58. a7 Ra3
59. Kb7 Rb3+ 60. Kc7 Ra3 61. Kb7 Rb3+ 62. Kc8 Ra3 63. Kb7 1/2-1/2

[Event "chess.com SpeedChess Q1Sw"]
[Site "chess.com INT"]
[Date "2022.11.10"]
[Round "1"]
[White "Li, Ruifeng"]
[Black "Gireman, Ja"]
[Result "1-0"]
[WhiteTitle "GM"]
[BlackTitle "CM"]
[WhiteElo "2541"]
[BlackElo "2185"]
[WhiteFideId "2061074"]
[BlackFideId "5043794"]
[EventDate "2022.11.10"]

1. b3 Nf6 2. Bb2 g6 3. g3 Bg7 4. Bg2 O-O 5. c4 d6 6. Nf3 c5 7. d4 cxd4 8. Nxd4
d5 9. cxd5 Nxd5 10. O-O Nb6 11. Na3 a6 12. Rc1 e5 13. Ndc2 Qe7 14. Ne3 Rd8 15.
Qc2 Be6 16. Nac4 Nxc4 17. bxc4 Nc6 18. Nd5 Qg5 19. e3 Rac8 20. Qb3 h5 21. h4 Qg4
22. Qxb7 Rb8 23. Qxc6 Rxb2 24. Qxa6 g5 25. hxg5 h4 26. g6 hxg3 27. gxf7+ Bxf7
28. Nf6+ Bxf6 29. Qxf6 Rdd2 30. Rb1 gxf2+ 31. Kh2 Rxb1 32. Rxb1 Rd8 33. Qxd8+
Kg7 34. Bh3 Qf3 35. Qg5+ Bg6 36. Qg3 Qxg3+ 37. Kxg3 Bxb1 38. Kxf2 Bxa2 39. Be6
Kf6 40. Bd5 Ke7 41. Kf3 Kd6 42. Kg4 Bb1 43. Kg5 Kc5 44. Kf6 e4 45. Ke5 Bd3 46.
Kf4 Kb4 47. Ke5 Kc5 48. Be6 Kb4 49. Kd4 Bc2 50. Bd7 Bd3 51. c5 Ka5 52. Kd5 1-0

[Event "chess.com SpeedChess Q1Sw"]
[Site "chess.com INT"]
[Date "2022.11.10"]
[Round "1"]
[White "Goltsev, Dmitry"]
[Black "Samaganova, Aleksandra"]
[Result "1-0"]
[WhiteTitle "FM"]
[BlackTitle "WFM"]
[WhiteElo "2232"]
[BlackElo "1884"]
[WhiteFideId "24176710"]
[BlackFideId "13800221"]
[EventDate "2022.11.10"]

1. e4 c5 2. Nf3 e6 3. d4 cxd4 4. Nxd4 a6 5. Nc3 Qc7 6. Be2 Nf6 7. Be3 b5 8. a3
Bb7 9. f3 d5 10. exd5 Nxd5 11. Nxd5 Bxd5 12. O-O Bd6 13. h3 O-O 14. Rc1 Nd7 15.
Qd2 Rac8 16. Kh1 Ne5 17. Bf2 Rfd8 18. Rfe1 h6 19. c3 Bc4 20. Qe3 Ng6 21. Rcd1
Bf4 22. Qe4 Bd5 23. Qc2 Bg3 24. Bd3 Nh4 25. Be4 Bc4 26. Rc1 Bxf2 27. Qxf2 Ng6
28. Bxg6 fxg6 29. Nxe6 Bxe6 30. Rxe6 Qf4 31. Rce1 Rd2 32. R6e2 Rcd8 33. g3 Rxe2
34. Rxe2 Qc1+ 35. Kg2 Rd1 36. Rc2 Qb1 37. Rd2 Rh1 38. h4 h5 39. Re2 Kh7 40. g4
hxg4 41. fxg4 a5 42. h5 gxh5 43. Qf5+ Qxf5 44. gxf5 Rb1 45. Kg3 Kh6 46. Kf4 Rf1+
47. Ke5 Rf3 48. Rc2 h4 49. b3 h3 50. c4 Kg5 51. c5 Rxf5+ 52. Ke6 Kg4 53. c6 Rh5
54. c7 h2 55. Rxh2 Rxh2 56. c8=Q Rc2 57. Qxc2 Kf4 58. Qf5+ Ke3 59. Qxb5 g5 60.
Qxg5+ Kd3 61. Qxa5 Kc2 62. Qb5 Kb2 63. a4 Ka2 64. a5 1-0